| 000 | 01232nam a22003257a 4500 | ||
|---|---|---|---|
| 003 | CHAP | ||
| 005 | 20220329135514.0 | ||
| 008 | 971013s1980 r 00010 d | ||
| 010 | _a37709 | ||
| 011 | _a38681 | ||
| 035 | _a42801 | ||
| 040 | _cCHAP | ||
| 090 | _aTesis | ||
| 100 | 0 | 0 |
_aQuevedo Fernández, Fernando. _993257 |
| 245 | _aEvaluación de dos activadores del suelo, utilizando dos dósis de aplicación y dos diferentes niveles de fertilización en girasol (Helianthus annuus), efectuado en Apodaca, N. L., durante el ciclo de verano de 1980 | ||
| 260 |
_aMonterrey, N. L. : _bEl autor, _c1980 |
||
| 300 | _a69 h. | ||
| 502 | _aTesis (Ing. Agr. en Producción Agropecuaria) -- ITESM. División de Ciencias Agropecuarias y Marítimas | ||
| 590 |
_aALEPH _b10 _c20130110 _lUCH01 _h1303 |
||
| 590 |
_aBATCH-UPD _b10 _c20130110 _lUCH01 _h2022 |
||
| 590 |
_aBATCH-UPD _b10 _c20130410 _lUCH01 _h1340 |
||
| 590 |
_aBATCH-UPD _b10 _c20130914 _lUCH01 _h1427 |
||
| 590 |
_aCONVERSION _b10 _c20130109 _lUCH01 _h1321 |
||
| 650 | 1 | 4 |
_aFertilizantes _xEfecto en girasol. _940514 |
| 650 | 1 | 4 |
_aGirasol. _948126 |
| 650 | 1 | 4 |
_aSuelos _xMicrobiología. _9110434 |
| 901 | _aBK | ||
| 942 | _cTESIS | ||
| 949 |
_bBC _cTES _d-98426 _eTS1 _i42801 _si |
||
| 999 |
_c37709 _d37709 |
||